| 000 | 00691nam a22002057i 4500 | ||
|---|---|---|---|
| 999 |
_c23579 _d23579 |
||
| 003 | AR-CdUCM | ||
| 008 | 260401b20232023 pe|a||| |||| 00| 0 spa d | ||
| 020 | _a978-612-00-9161-6 | ||
| 040 |
_aMUNICIPALIDAD PROVINCIAL DEL CUSCO _cBIBLIOTECA MUNICIPAL DEL CUSCO |
||
| 041 | _hspa | ||
| 082 |
_aPI / 863 _bB76 |
||
| 100 |
_aBotteri Lenquernaqué, Magda Felicia - "La Tía Botas" _952471 |
||
| 245 |
_aAlejo y los cangrejos solidarios : _bCuentos con valores de la Tía Botas / |
||
| 260 |
_aSantiago de Surco Lima-Perú _bAutor-Editor _c2023 |
||
| 300 |
_a40 páginas. : _c21x21 cm. |
||
| 505 | _a | ||
| 650 |
_aLa Tía Botas _952472 |
||
| 942 |
_2ddc _cLIBROS |
||
| 945 |
_apbjr _d01-04-2026 |
||